000 00642nam a22002417i 4500
003 URS
005 20260224134828.0
008 170208s2000 ph ||||| |||| 00| 0 eng d
020 _a971-23-2867-8
040 _cURS
_dURS
050 0 0 _aQ335
_b.L192 2000
100 1 _aLamorena, Melchora B.
245 1 0 _aInstructional Strategies in Ecology
250 _a1st Edition
264 1 _aManila
_bRex Book Store
_c2000.
264 4 _c©2000
300 _aill 192 p.
_bcol. ill.; 22 p.
336 _atext
_btxt
_2rdacontent
337 _aunmediated
_bn
_2rdamedia
338 _avolume
_bnc
_2rdacarrier
650 0 _aAgriculture
942 _cF
_2lcc
999 _c98884
_d98881